Pokémon Paradox Forms - Statistics

General Stats
  • This quiz has been taken 32 times
  • The average score is 12 of 16
Answer Stats
Picture Answer % Correct
Great Tusk
92%
Flutter Mane
83%
Iron Moth
83%
Iron Treads
83%
Scream Tail
83%
Iron Bundle
79%
Sandy Shocks
79%
Brute Bonnet
75%
Iron Hands
75%
Iron Valiant
75%
Koraidon
75%
Miraidon
75%
Roaring Moon
75%
Iron Jugulis
71%
Iron Thorns
71%
Slither Wing
67%
No matching quizzes found
Score Distribution
Percent of People with Each Score
Percentile by Number Answered
Your Score History
You have not taken this quiz